[Event "U. S. Open"]
[Site "Middleton, WI"]
[Date "2013.08.01"]
[Round "5"]
[White "KIm Madeline  (MD)"]
[Black "Fields Noah  (WA)"]
[Result "0-1"]
[WhiteElo "1624"]
[BlackElo "1880"]
[Annotator ""]
[Source ""]
[Remark ""]

1.d4 d5 2.Nf3 Nf6 3.c4 e6 4.Nc3 Nbd7 5.Bg5 c6 6.cxd5 exd5 7.e3
Be7 8.Bd3 O-O 9.O-O Re8 10.Qc2 Nf8 11.Ne5 Ng4 12.Bxe7 Qxe7 13.Nf3
Ng6 14.h3 Nf6 15.Nd2 Qd7 16.Nf3 Qe6 17.Ng5 Qe7 18.a3 Bd7 19.b4
Rac8 20.Rfc1 Rf8 21.Na4 b6 22.Rab1 Ne8 23.Nf3 Nd6 24.Qb3 Qf6
25.Be2 Ne4 26.Nc3 Ng5 27.Qd1 Nxf3+ 28.Bxf3 Qg5 29.Kf1 f5 30.Kg1
f4 31.exf4 Nxf4 32.Kh2 Ng6 33.Rc2 Qf4+ 34.Kg1 Bf5 0-1

[Event "U. S. Open"]
[Site "Middleton, WI"]
[Date "2013.08.01"]
[Round "5"]
[White "Stein Josiah  (WI)"]
[Black "Trattner Andrew  (OR)"]
[Result "1/2-1/2"]
[WhiteElo "1965"]
[BlackElo "1771"]
[Annotator ""]
[Source ""]
[Remark ""]

1.e4 d5 2.exd5 Qxd5 3.Nf3 Nf6 4.d4 Bg4 5.Be2 Nc6 6.c4 Qf5 7.h3
Bxf3 8.Bxf3 Qe6+ 9.Be2 Qe4 10.Be3 e5 ( 10...Qxg2 11.Bf3 Qg6 12.Qa4
Nd7 13.Nc3 Nb6 14.Qb3 Qf6 15.Bd5 Nxd4 16.Bxd4 Qxd4 17.Bxb7 Qe5+
18.Ne2 Rd8 19.Bc6+ Nd7 20.O-O-O e6 21.Nc3 Bd6 22.Qa4 Qg5+ 23.Kb1
Qe7 24.Rhe1 O-O 25.Bxd7 Qg5 26.Bc6 Qf5+ 27.Qc2 Qc5 28.Bb5 Rb8
29.Ne4 Qb6 30.Rg1 Be5 31.f4 Bxb2 32.Qxb2 {1-0, Ole Nielsen Rene - Belmonte Barragan Avelino, Kolobrzeg (Poland) 2005.08.23}
) 11.Bf3 Qg6 12.dxe5 Bb4+ 13.Nc3 Ne4 14.Rc1 Bxc3+ 15.bxc3 Nxe5
16.O-O O-O 17.Bxe4 Qxe4 18.Qd5 Qxd5 19.cxd5 Nc4 20.Bf4 Rad8 21.Rb1
b6 22.Rbd1 Rd7 23.Rfe1 Rfd8 24.Rd4 Nd6 25.Bxd6 Rxd6 26.Rde4 Kf8
27.c4 c6 28.dxc6 Rxc6 29.Re7 a5 30.Rb7 g6 31.Ree7 Rd1+ 32.Kh2
Rf6 33.Re2 Rfd6 34.Rc2 h5 35.Rc7 h4 36.c5 bxc5 37.R7xc5 Ra6 1/2-1/2

[Event "U. S. Open"]
[Site "Middleton, WI"]
[Date "2013.08.01"]
[Round "1"]
[White "Van Dyke Patrick (WA)"]
[Black "Kulkarni Pranav  (WI)"]
[Result "1-0"]
[WhiteElo "2129"]
[BlackElo "1565"]
[Annotator ""]
[Source ""]
[Remark ""]

1.e4 e5 2.Nf3 Nc6 3.Bc4 Bc5 4.d3 h6 5.c3 Nf6 6.O-O d6 7.a4 a6
8.b4 Bb6 9.Be3 Bg4 10.Nbd2 ( 10.Bxb6 cxb6 11.Nbd2 d5 12.exd5
Nxd5 13.Qb3 Be6 14.Rfe1 Nf4 15.Bxe6 Nxe6 16.Nxe5 Nxe5 17.Rxe5
Qxd3 18.Rd5 Qg6 19.Rd6 O-O 20.Nf3 Rad8 21.Rxb6 Nd4 22.cxd4 Qxb6
23.Rd1 Qe6 24.Qd3 Rd5 25.h3 Rfd8 26.Qc3 Rc8 27.Qb3 Rcd8 28.Re1
Re5 29.Rb1 Qxb3 30.Rxb3 Re6 31.Kf1 Rc8 32.g3 Rc1+ 33.Kg2 Rc2
34.Rd3 Ree2 35.g4 Rxf2+ 36.Kg3 Rg2+ 37.Kf4 Rc6 38.d5 Rf6+ 39.Ke4
Re2+ 40.Kd4 b6 41.Kc3 Rd6 42.Nd4 Re8 43.Nf5 Rd7 44.Kd4 g6 45.Ne3
Rde7 46.Nc4 Re4+ 47.Kc3 Rc8 48.Rd4 Rxd4 49.Kxd4 f5 50.gxf5 gxf5
51.Nxb6 Rb8 52.a5 f4 53.Ke4 Rf8 54.Kf3 Rf6 55.Nc4 Kf8 56.Ne5
Rf5 57.Ng6+ Ke8 58.Nxf4 Kd7 59.Ke4 Rg5 60.h4 Rg4 61.h5 Kd6 62.Kf5
Rg5+ 63.Kf6 Rg4 64.Ne6 Rxb4 65.Kg6 Kxd5 66.Nc7+ Kc6 67.Nxa6 Rh4
68.Kxh6 Kb5 69.Nc7+ Kxa5 {1/2-1/2, Lopez Andujar Ocana Antonio (ESP) 2239 - Lozano Freras Sergio (ESP) 1974, Madrid (Spain) 2005.04.23}
) Bxe3 11.fxe3 Bh5 12.Qe1 O-O 13.Nh4 Ng4 14.Nf5 g6 15.Ng3 Qg5
16.Nxh5 gxh5 17.Rf3 h4 18.h3 Nf6 19.Rf5 Qg6 20.Qxh4 Ne7 21.Rxf6
Qg7 22.Raf1 d5 23.exd5 Ng6 24.Qh5 Rad8 25.Ne4 b6 26.d6 Rd7 27.Rxg6
cxd6 28.Nf6+ Kh8 29.Rxh6+ Qh7 30.Rxh7# 1-0

[Event "U. S. Open"]
[Site "Middleton, WI"]
[Date "2013.08.01"]
[Round "3"]
[White "Tiglon Bryce  (WA)"]
[Black "Maghami Ehsan  (CA)"]
[Result "0-1"]
[WhiteElo "2129"]
[BlackElo "2604"]
[Annotator ""]
[Source ""]
[Remark ""]

1.e4 c5 2.Nf3 e6 3.d4 cxd4 4.Nxd4 a6 5.c4 Nf6 6.Nc3 Bb4 7.Qf3
d6 8.Bd2 O-O ( 8...Nbd7 9.Bd3 Bc5 10.Nb3 Ne5 11.Qe2 O-O 12.Rd1
b5 13.Nxc5 dxc5 14.Bf4 Nfd7 15.cxb5 Qb6 16.a4 axb5 17.axb5 Ng6
18.Be3 Qc7 19.O-O Nde5 20.Bc2 Bb7 21.f4 Nd7 22.e5 Ne7 23.Rd6
Nd5 24.Nxd5 Bxd5 25.Qh5 g6 26.Qh6 f5 27.Bd2 Qb7 28.Bc3 c4 29.h4
Rf7 30.Qg5 Qxb5 31.Rd1 Nf8 32.Kh2 h6 33.Qg3 Qc5 34.Bd4 Qc7 35.Qe3
Re7 36.Bc3 Qb7 37.R1xd5 exd5 38.e6 Rh7 39.h5 Qe7 40.Rxd5 gxh5
41.Bxf5 Qh4+ 42.Bh3 {0-1, Bertok Mario (CRO) 2282 - Book Eero, Krakow (Poland) 1959}
) 9.a3 Bc5 10.Nb3 Nc6 11.Be3 Qb6 12.Nxc5 dxc5 13.b4 Nd4 14.Bxd4
cxd4 15.Nd1 a5 16.Rb1 axb4 17.axb4 e5 18.Bd3 Bg4 19.Qg3 Ra3 20.c5
Qe6 21.h3 Bh5 22.Nb2 Nxe4 23.Qh4 Rxd3 24.Qxh5 0-1

[Event "U. S. Open"]
[Site "Middleton, WI"]
[Date "2013.08.01"]
[Round "2"]
[White "Narayanan Saumik  (MN)"]
[Black "Tiglon Bryce  (WA)"]
[Result "0-1"]
[WhiteElo "1849"]
[BlackElo "2129"]
[Annotator ""]
[Source ""]
[Remark ""]

1.d4 Nf6 2.c4 e6 3.g3 d5 4.Nf3 Be7 5.Bg2 O-O 6.O-O dxc4 7.Ne5
a6 8.Nc3 Ra7 9.Nxc4 b5 10.Ne5 Bb7 11.e3 Bxg2 12.Kxg2 c5 13.dxc5
Qc7 14.Nf3 Bxc5 15.Ne2 Qb6 16.Bd2 Rd8 17.Qb3 Ne4 18.Bb4 Nc6 19.Bxc5
Nxc5 20.Qc2 Nb4 21.Qc3 Nbd3 22.Ned4 e5 23.b4 Nxb4 24.Nxe5 Nd5
25.Qc2 Rc7 26.Qf5 g6 27.Qg4 Qd6 28.Nef3 Nd3 29.Rad1 Nb2 30.Rc1
Nc4 31.Nf5 Qf6 32.e4 h5 33.Qh4 gxf5 34.exd5 Qxh4 35.Nxh4 Rxd5
36.Nf3 Kg7 37.Rfd1 Rcd7 38.Rxd5 Rxd5 39.Re1 a5 40.Rc1 Nd6 41.Rc2
b4 42.Rb2 Ne4 43.Rb3 Kf6 44.a3 Nc5 45.Rb1 b3 46.Rb2 Rd3 47.Nd2
Na4 48.Rxb3 Rxd2 49.Rb5 Rd3 50.Rxa5 Rxa3 51.Ra6+ Kg7 52.Ra5 Kg6
53.Ra6+ f6 54.Ra8 Ra2 55.Rg8+ Kh7 56.Rf8 Kg7 57.Rc8 Nb6 58.Rc7+
Kg6 59.Rc6 Nd5 60.Re6 Nc3 61.Re3 Ne4 62.Rf3 Rb2 63.Rf4 Rb3 64.Kg1
Kg5 65.Kg2 Nc5 66.Rd4 Rb7 67.Rf4 Ne6 68.Rc4 f4 69.gxf4+ Nxf4+
70.Kg3 Rb3+ 71.f3 h4+ 72.Kf2 Rb2+ 73.Ke3 Re2+ 74.Kd4 Rxh2 75.Ke3
Re2+ 76.Kd4 h3 77.Rc1 h2 78.Rh1 Kh4 0-1

[Event "U. S. Open"]
[Site "Middleton, WI"]
[Date "2013.08.01"]
[Round "1"]
[White "Haessler Carl  (OR)"]
[Black "Thangavel Gokul  (IA)"]
[Result "1/2-1/2"]
[WhiteElo "2210"]
[BlackElo "1599"]
[Annotator ""]
[Source ""]
[Remark ""]

1.b3 e5 2.Bb2 Nc6 3.e3 d5 4.Bb5 d4 5.exd4 exd4 6.Qe2+ Be6
( 6...Be6 7.Nf3 Bc5 8.Qe5 Bf8 9.Nxd4 Qd7 10.Bxc6 bxc6 11.Nxe6
Qxe6 12.Qxe6+ fxe6 13.O-O Nf6 14.Re1 Kf7 15.Na3 Bd6 16.Nc4 Nd7
17.Na5 c5 18.Re2 Rhe8 19.Rae1 a6 20.Nc6 a5 21.d4 Ra6 22.d5 Nf8
23.dxe6+ Nxe6 24.Rxe6 Rea8 25.Re7+ Kf8 26.Rxg7 Rxc6 27.Rxh7 {1-0, Rouze Xavier (FRA) 2088 - Tatard Marie (FRA) 1935, France 2006.11.25}
) 7.Nf3 Bc5 8.O-O Nf6 9.Qe5 Qd6 10.Qxd6 cxd6 11.Nxd4 Kd7 12.Nxe6
fxe6 13.d4 Bb6 14.Nd2 a6 15.Bxc6+ bxc6 16.c4 Rhe8 17.Rad1 c5
18.Nf3 Rad8 19.Rfe1 h6 20.Kf1 Kc7 21.h3 Rd7 22.Re3 Rde7 23.Rde1
cxd4 24.Bxd4 Bxd4 25.Nxd4 e5 26.Nf5 Rf7 27.Rd3 Re6 28.Red1 Ne4
29.Rf3 Ng5 30.Nh4 Nxf3 31.Nxf3 e4 1/2-1/2

[Event "U. S. Open"]
[Site "Middleton, WI"]
[Date "2013.08.01"]
[Round "2"]
[White "Zhang Brendan  (WA)"]
[Black "Saleem Arshaq  (IA)"]
[Result "0-1"]
[WhiteElo "1763"]
[BlackElo "1993"]
[Annotator ""]
[Source ""]
[Remark ""]

1.d4 Nf6 2.e3 g6 3.Bd3 Bg7 4.c4 O-O 5.Nc3 d6 6.Nf3 Nbd7 7.Qc2
e5 8.Bd2 Qe7 9.O-O-O Re8 10.dxe5 dxe5 11.Ne4 Nxe4 12.Bxe4 c6
13.Ng1 f5 14.Bf3 e4 15.Be2 Ne5 16.Bc3 Be6 17.Nh3 a5 18.Nf4 Bf7
19.h4 h5 20.b3 b5 21.cxb5 cxb5 22.Bxb5 Rec8 23.Ne2 Qc5 24.a4
Ng4 25.Bc4 Bxc4 26.bxc4 Qxc4 27.Rd4 Bxd4 28.exd4 Nxf2 29.Rf1
Nd3+ 30.Kd2 Nb4 31.Qb2 Qd3+ 32.Ke1 Nc2+ 0-1

[Event "U. S. Open"]
[Site "Middleton, WI"]
[Date "2013.08.01"]
[Round "2"]
[White "Premkumar Hiren  (TX)"]
[Black "Van Dyke Patrick (WA)"]
[Result "0-1"]
[WhiteElo "1825"]
[BlackElo "2129"]
[Annotator ""]
[Source ""]
[Remark ""]

1.e4 c5 2.Nf3 Nc6 3.Bb5 g6 4.O-O Bg7 5.Bxc6 dxc6 6.Re1 e5 7.h3
Ne7 8.b3 O-O ( 8...O-O 9.Bb2 Qc7 10.d3 b5 11.Nbd2 f6 12.a4 Be6
13.Ba3 b4 14.Bb2 Rfd8 15.Qe2 Nc8 16.Qe3 Qe7 17.Nh2 Nb6 18.Ng4
h5 19.Nh2 Nd7 20.Qg3 Kh7 21.Nhf1 Bh6 22.Ne3 Rg8 23.Ndc4 Nf8 24.Qf3
Bd7 25.Kh1 Ne6 26.a5 Raf8 27.a6 Rb8 28.Na5 Nd4 29.Bxd4 cxd4 30.Nec4
c5 31.Nb7 Be6 32.Nbd6 Rgd8 33.Nb7 Rf8 34.Ncd6 Bc8 35.Ra5 Bxb7
36.Nxb7 Rfc8 37.Rea1 Bf8 38.Rb5 Qe6 39.Qd1 Kg8 40.Raa5 Be7 41.g4
h4 42.Kg2 g5 43.Qa1 Qc6 44.Qa4 Kf8 45.Qa1 Kg8 46.Qa4 Kf8 {1/2-1/2, Gretarsdottir Lilja (ISL) 2061 - Milligan Helen (SCO) 2120, Bled (Slovenia) 2002}
) 9.Bb2 f6 10.d3 Be6 11.Nbd2 Qd7 12.Qe2 g5 13.Nh2 Ng6 14.a4 Nf4
15.Qe3 b6 16.a5 h5 17.f3 Bh6 18.Qf2 Bxh3 19.g3 Ng6 20.Nc4 Be6
21.axb6 Bxc4 22.dxc4 axb6 23.Nf1 f5 24.Red1 Qe6 25.Rxa8 Rxa8
26.Qd2 fxe4 27.fxe4 Rf8 28.Qd6 Qf7 29.Ra1 h4 30.g4 Qf2+ 31.Kh1
Nf4 32.Qd2 Qf3+ 33.Kh2 Qh3+ 34.Kg1 Qxg4+ 35.Kh2 Ne2 36.Qe3 Rf3
37.Ra8+ Bf8 38.Qxe2 Rh3# 0-1

[Event "U. S. Open"]
[Site "Middleton, WI"]
[Date "2013.08.04"]
[Round "9"]
[White "Oshiro Coel  (HI)"]
[Black "Varner Murlin  (WA)"]
[Result "1-0"]
[WhiteElo "1847"]
[BlackElo "1684"]
[Annotator ""]
[Source ""]
[Remark ""]

1.e4 e6 2.d4 d5 3.Nc3 Bb4 4.exd5 Bxc3+ 5.bxc3 Qxd5 6.Nf3 Nf6
7.Bd3 O-O 8.O-O b6 9.Re1 Nc6 10.Bg5 Bb7 11.Qe2 Nh5 12.Be4 Qd6
13.Ne5 g6 14.g4 Ng7 15.Bf4 Na5 16.Nxg6 Qd7 17.Nxf8 Rxf8 18.Bxb7
Nxb7 19.Qa6 Na5 20.Qxa7 e5 21.Bxe5 Qxg4+ 22.Bg3 Nc4 23.Rad1 h5
24.Qxc7 Ne6 25.Qxc4 h4 26.Qe2 Qg6 27.Qe4 1-0

[Event "U. S. Open"]
[Site "Middleton, WI"]
[Date "2013.07.31"]
[Round "2"]
[White "Porth Adam  (ID)"]
[Black "Zhou Franklin  (MN)"]
[Result "1/2-1/2"]
[WhiteElo "1287"]
[BlackElo "1766"]
[Annotator ""]
[Source ""]
[Remark ""]

1.d4 Nf6 2.Nf3 d5 3.e3 c6 4.b3 Bf5 5.Bb2 e6 6.Bd3 Bxd3 7.Qxd3
Nbd7 8.Nbd2 Be7 9.O-O O-O 10.Rac1 Rc8 11.Qe2 Qb6 12.c4 dxc4 13.Nxc4
Qa6 14.Qc2 c5 15.Qb1 Nd5 16.Nfe5 Nxe5 17.dxe5 b5 18.Nd6 Bxd6
19.exd6 Qxd6 20.Rfd1 Qe7 21.Qe4 Nf6 22.Qe5 Kh8 23.Rc2 Rfd8 24.Rxd8+
Rxd8 25.Rc1 Qd6 26.g3 Qxe5 27.Bxe5 Rc8 28.Bxf6 gxf6 29.Kf1 Kg7
30.h4 Kg6 31.Ke2 Kf5 32.f3 h5 33.Kd3 e5 34.e4+ 1/2-1/2

[Event "U. S. Open"]
[Site "Middleton, WI"]
[Date "2013.08.01"]
[Round "4"]
[White "Porth Adam  (ID)"]
[Black "Natarajan Oliver  (IL)"]
[Result "0-1"]
[WhiteElo "1287"]
[BlackElo "1747"]
[Annotator ""]
[Source ""]
[Remark ""]

1.d4 d5 2.Nf3 e6 3.e3 Nf6 4.Bd3 c5 5.b3 Bd6 6.Bb2 Nc6 7.Ne5 O-O
8.O-O Qc7 9.f4 Nb4 10.Be2 cxd4 11.c3 dxc3 12.Nxc3 a6 13.Rc1 Qe7
14.a3 Nc6 15.Nxc6 bxc6 16.Qc2 Bd7 17.Bd3 h6 18.Nb1 Rfc8 19.Nd2
Ng4 20.Rf3 e5 21.Qc3 c5 22.Nf1 d4 23.Qc2 dxe3 24.Nxe3 exf4 25.Nd5
Qh4 26.g3 Qd8 27.Nxf4 Bc6 28.Bh7+ Kh8 29.Bxg7+ Kxg7 30.Ne6+ fxe6
31.Qg6+ Kh8 32.Rf7 Be5 33.Qxg4 Qd4+ 34.Qxd4 Bxd4+ 35.Kf1 Rf8
36.Rxf8+ Rxf8+ 37.Ke2 Kxh7 38.Kd3 Rf3+ 39.Ke2 Rf2+ 40.Kd3 Bb5+
41.Ke4 Re2+ 42.Kf4 Be3+ 0-1

[Event "U. S. Open"]
[Site "Middleton, WI"]
[Date "2013.08.02"]
[Round "6"]
[White "Porth Adam  (ID)"]
[Black "Gallagher Sophia  (VA)"]
[Result "1-0"]
[WhiteElo "1287"]
[BlackElo "367"]
[Annotator ""]
[Source ""]
[Remark ""]

1.e4 e5 2.Nf3 Nc6 3.d4 d6 4.d5 Nce7 5.h3 Nf6 6.Bd3 c6 7.c4 Bd7
8.O-O g6 9.Nc3 a6 10.Qb3 b5 11.cxb5 axb5 12.Bg5 Bg7 13.Bxf6 Bxf6
14.dxc6 Bxc6 15.Bxb5 Rb8 16.a4 O-O 17.Qd1 Be8 18.Rc1 Bxb5 19.Nxb5
d5 20.Nd2 Bg5 21.Rc2 Rc8 22.Rxc8 Qxc8 23.exd5 Nxd5 24.Nf3 f6
( 24...Ne3 25.fxe3 Bxe3+ ) 25.Qxd5+ Rf7 26.Nxg5 fxg5 27.Nd6 Qd8
28.Qxf7+ Kh8 29.Qe8+ ( 29.Rc1 Qa8 30.Rc7 Qg8 31.Qf6+ Qg7 32.Qxg7# )
Qxe8 30.Nxe8 h5 31.a5 Kg8 32.a6 Kf7 33.a7 Kxe8 34.a8Q+ Kf7 35.Qc6
Kg7 36.Rd1 Kh6 37.Rd7 g4 38.h4 e4 39.Qf6 e3 40.Qh8# 1-0

[Event "U. S. Open"]
[Site "Middleton, WI"]
[Date "2013.08.02"]
[Round "7"]
[White "Chen Derek  (NC)"]
[Black "Porth Adam  (ID)"]
[Result "1/2-1/2"]
[WhiteElo "1700"]
[BlackElo "1287"]
[Annotator ""]
[Source ""]
[Remark ""]

1.c4 e6 2.Nf3 d5 3.b3 Bb4 4.Bb2 ( 4.Bb2 Nf6 5.Qc2 O-O 6.g3 Nc6
7.Bg2 Be7 8.a3 d4 9.d3 a6 10.b4 e5 11.O-O Be6 12.Nbd2 Nd7 13.e3
dxe3 14.fxe3 Bd6 15.d4 exd4 16.exd4 Bg4 17.c5 Be7 18.d5 Na7 19.Rae1
Bf6 20.Bxf6 Nxf6 21.Ne5 Bd7 22.a4 Rb8 23.Rf4 Qe8 24.Qc1 Qc8 25.Rxf6
gxf6 26.Ne4 Bf5 27.Nxf6+ Kh8 28.g4 Qd8 29.Qh6 Bc2 30.Re4 Bxe4
31.Bxe4 Qxf6 32.Qxh7# {1-0, Vachev Vladimir (BUL) 2223 - Valev Valentin (BUL) 1639, Sunny Beach (Bulgaria) 2004.09.20}
) Nf6 5.a3 Be7 6.g3 c5 7.Bg2 Nc6 8.O-O O-O 9.e3 b6 10.d4 Ba6
11.Nfd2 Rb8 12.Re1 Bb7 13.Nf3 Qc7 14.Nbd2 Rfd8 15.Rc1 Rbc8 16.cxd5
exd5 17.Qe2 Re8 18.Red1 Qd6 19.dxc5 bxc5 20.Nc4 Qb8 21.Nce5 Rcd8
22.Qb5 a6 23.Nxc6 axb5 24.Nxb8 Rxb8 25.Bxf6 gxf6 26.Nh4 Ra8 27.Ra1
Red8 1/2-1/2

[Event "U. S. Open"]
[Site "Middleton, WI"]
[Date "2013.08.03"]
[Round "8"]
[White "Porth Adam  (ID)"]
[Black "Wasserbauer Gerard  (VA)"]
[Result "0-1"]
[WhiteElo "1287"]
[BlackElo "1623"]
[Annotator ""]
[Source ""]
[Remark ""]

1.d4 Nf6 2.Nf3 d6 3.e3 Nc6 4.Bd3 Bg4 5.Nbd2 e5 6.Be2 Qd7 7.O-O
Be7 8.c4 O-O 9.Re1 exd4 10.exd4 Rfe8 11.b3 d5 12.Ne5 Nxe5 13.dxe5
Bxe2 14.Qxe2 Ng4 15.Bb2 Bc5 16.Rf1 Nxe5 17.Bxe5 Bd4 18.Rad1 Bxe5
19.Qd3 d4 20.Nf3 c5 21.Ng5 g6 22.f4 Bg7 23.Rf3 f6 24.Ne4 Qe7
25.g4 Qxe4 26.Kf2 Qxd3 27.Rdxd3 Re7 28.h4 Rae8 29.Rd2 Re3 30.h5
Rxf3+ 31.Kxf3 Re3+ 32.Kf2 Bh6 33.hxg6 hxg6 34.b4 b6 35.a4 Bxf4
36.Rd1 d3 37.bxc5 bxc5 38.Rb1 Re7 39.Rf1 g5 40.Rb1 d2 41.Rd1
Re4 42.a5 Rxc4 43.a6 Ra4 44.Ke2 Rxa6 45.Kd3 Ra4 46.Kc3 Rd4 47.Kc2
Rc4+ 0-1

[Event "U. S. Open"]
[Site "Middleton, WI"]
[Date "2013.08.04"]
[Round "9"]
[White "Porth Adam  (ID)"]
[Black "Emery Paul  (TX)"]
[Result "1/2-1/2"]
[WhiteElo "1287"]
[BlackElo "1602"]
[Annotator ""]
[Source ""]
[Remark ""]

1.d4 e6 2.Nf3 Nf6 3.e3 b6 4.Bd3 Bb7 5.Nbd2 c5 6.c3 Be7 7.O-O
O-O 8.e4 cxd4 9.cxd4 d6 10.a3 Ba6 11.Bxa6 ( 11.Bxa6 Nxa6 12.Qe2
Nc7 13.e5 Nd7 14.Ne4 dxe5 15.dxe5 Nd5 16.Bd2 Rc8 17.Nc3 Rc5 18.Rfd1
Qb8 19.Be1 Nxc3 20.Bxc3 Rc7 21.Rd4 Rd8 22.Rad1 Nf8 23.Rxd8 Bxd8
24.Bb4 Qc8 25.Bxf8 Kxf8 26.Qd3 Rc1 27.h4 Be7 28.Kh2 Rxd1 29.Qxd1
Kg8 30.Qd3 h6 31.b4 a6 32.Qd4 Qc6 33.Kg3 a5 34.bxa5 bxa5 35.a4
Bb4 36.Qd8+ Kh7 37.Qd3+ g6 38.Qd1 Qe4 39.Qd7 Kg7 40.Qd8 Qf5 {1/2-1/2, Wisskirchen Andreas (GER) 2265 - Funke Martin, Germany 1994}
) Nxa6 12.b4 Qd7 13.Bb2 Rfc8 14.Rc1 Rxc1 15.Qxc1 Rc8 16.Qb1 h6
17.Rc1 Rxc1+ 18.Qxc1 b5 1/2-1/2

[Event "U. S. Open"]
[Site "Middleton, WI"]
[Date "2013.07.31"]
[Round "3"]
[White "Owen Mike  (CA)"]
[Black "Porth Adam  (ID)"]
[Result "1/2-1/2"]
[WhiteElo "1737"]
[BlackElo "1287"]
[Annotator ""]
[Source ""]
[Remark ""]

1.d4 d5 2.Bf4 e6 3.e3 c5 4.c3 Qb6 5.Qb3 Qd8 ( 5...Nc6 ) 6.Nf3
a6 7.Nbd2 Nc6 8.Be2 Nf6 9.h3 Na5 10.Qc2 Nc6 11.O-O Bd6 12.Ne5
Qc7 13.Ndf3 Nd7 14.Nxf7 {?!} Kxf7 15.Ng5+ Ke7 16.Bxd6+ Qxd6 17.Nxh7
Nf6 18.Ng5 Bd7 19.Qg6 Raf8 20.Qxg7+ Ke8 21.Qg6+ Kd8 22.Nf7+ Rxf7
23.Qxf7 Qe7 24.Qxe7+ Kxe7 25.dxc5 Rg8 26.f3 Nh5 27.Kf2 Ng3 28.Rfe1
Ne5 29.Rad1 Nxe2 30.Rxe2 Bb5 31.Red2 Nc4 32.Rd4 Nxb2 33.Rb1 Nd3+
34.Kg1 Ne5 35.Kh2 Bc6 36.Rf4 Nd3 37.Rd4 Nxc5 38.g4 e5 39.Rd2
Kf6 40.h4 Ne6 41.Kg3 Ng7 42.Kf2 Rf8 43.f4 exf4 44.exf4 Ne6 45.Kg3
Nc5 46.Rc2 Re8 47.Kf2 Nd3+ 48.Kg1 Nxf4 1/2-1/2

[Event "U. S. Open"]
[Site "Middleton, WI"]
[Date "2013.08.01"]
[Round "5"]
[White "Le Collin  (TX)"]
[Black "Porth Adam  (ID)"]
[Result "0-1"]
[WhiteElo "1612"]
[BlackElo "1287"]
[Annotator ""]
[Source ""]
[Remark ""]

1.d4 d5 2.c4 Nf6 3.Nc3 e6 4.Nf3 Be7 5.Bg5 c6 6.e3 h6 7.Bh4 a6
8.Qc2 Nbd7 9.Bd3 Qc7 10.O-O e5 11.cxd5 cxd5 12.dxe5 Nxe5 13.Nxe5
Qxe5 14.Bg3 Qe6 15.Qa4+ Qc6 16.Bb5 axb5 17.Qxa8 O-O 18.Qa5 Be6
19.Qxb5 Qc8 20.Rfd1 Bd7 21.Qb3 Be6 22.Qa4 Bd7 23.Qf4 Nh5 24.Qc7
Nxg3 25.Qxc8 Bxc8 26.hxg3 Bf6 27.Rxd5 Be6 28.Rb5 Rb8 29.a4 Bd7
30.Rd5 Bc6 31.Rdd1 Bd8 32.b4 Bf6 33.Rdc1 b5 34.a5 Rd8 35.Ra3
Rc8 36.Nxb5 Bb2 37.Rac3 Bxc1 38.Rxc1 Rb8 39.Rxc6 Rxb5 40.Rb6
Rd5 41.a6 Rd1+ 42.Kh2 Ra1 43.b5 Kf8 44.Rb7 Ke8 0-1

[Event "U. S. Open"]
[Site "Middleton, WI"]
[Date "2013.07.30"]
[Round "4"]
[White "Ludwig Luke  (WI)"]
[Black "Niro Frank  (KY)"]
[Result "1/2-1/2"]
[WhiteElo "1900"]
[BlackElo "1700"]
[Annotator ""]
[Source ""]
[Remark ""]

1.c4 f5 2.g3 Nf6 3.Bg2 g6 4.Nc3 Bg7 5.e4 d6 6.Nge2 c6 7.d4 e5
8.dxe5 dxe5 9.Qxd8+ Kxd8 10.f4 Nxe4 11.Nxe4 fxe4 12.fxe5 Bxe5
13.Bg5+ Kc7 14.O-O-O Bg4 15.Rd2 e3 16.Rd3 Bxe2 17.Rxe3 Bxb2+
18.Kxb2 Bxc4 19.Re7+ Kb6 20.Kc3 Bd5 21.Bxd5 cxd5 22.Rb1+ Ka5
23.Rbxb7 Nc6 24.Rxh7 Rxh7 25.Rxh7 Re8 26.Kd2 Kb4 27.h4 Re6 28.Rf7
Kc5 29.Rf6 Kd6 30.Rxe6+ Kxe6 31.Ke3 Kf5 32.Bf4 Kg4 33.Bc7 a6
34.Bd6 Kf5 35.Bc7 Kg4 36.Bd6 1/2-1/2

[Event "U. S. Open"]
[Site "Middleton, WI"]
[Date "2013.07.30"]
[Round "4"]
[White "Roland Jeffrey  (ID)"]
[Black "Li Kevin  (WI)"]
[Result "0-1"]
[WhiteElo "1731"]
[BlackElo "1525"]
[Annotator ""]
[Source ""]
[Remark ""]

1.e4 e5 2.Nf3 Nc6 3.Bb5 a6 4.Ba4 Nf6 5.O-O Be7 6.Re1 d6 7.c3
Bg4 8.d3 Nd7 9.Be3 O-O 10.Nbd2 f5 11.Qb3+ Kh8 12.exf5 b5 13.Qd5
bxa4 14.Qxc6 Bxf5 15.Ne4 Nf6 16.Qxa4 Nxe4 17.dxe4 Bd7 18.Qc2
Qe8 19.Nd2 Qg6 20.Kh1 Bg5 21.Nf1 Bxe3 22.Nxe3 Be6 23.c4 Rf4 24.Nd5
Bxd5 25.cxd5 Raf8 26.f3 Qf7 27.Qc6 Rh4 28.Rac1 Qf4 29.h3 Rxh3+
30.Kg1 {??} ( 30.gxh3 Qxf3+ {=} ) Qh2+ 31.Kf2 Rfxf3+ 0-1

[Event "U. S. Open"]
[Site "Middleton, WI"]
[Date "2013.07.31"]
[Round "5"]
[White "Wibowo Stephanus  (WI)"]
[Black "Roland Jeffrey  (ID)"]
[Result "1/2-1/2"]
[WhiteElo "1384"]
[BlackElo "1731"]
[Annotator ""]
[Source ""]
[Remark ""]

1.d4 Nf6 2.c4 g6 3.Nc3 d5 4.cxd5 Nxd5 5.e4 Nxc3 6.bxc3 Bg7 7.Nf3
O-O 8.Be2 c5 9.O-O Qc7 10.Be3 Rd8 11.Qb3 cxd4 ( 11...cxd4 12.cxd4
Nc6 13.Rac1 Qa5 14.d5 Ne5 15.Nxe5 Bxe5 16.Rc5 b5 17.Rxb5 Qc7
18.f4 Bg7 19.Rc5 Qd7 20.Rfc1 e5 21.Rc7 Qe8 22.Bb5 Bd7 23.Bxd7
Rxd7 24.Rxd7 Qxd7 25.Qc4 exf4 26.Bxf4 Qg4 27.Bg3 Re8 28.Re1 Rc8
29.Qe2 Bd4+ 30.Kf1 Qg5 31.Bf2 Qf6 32.Qf3 Qa6+ 33.Qe2 Qf6 34.e5
Qf4 35.e6 Bxf2 36.Qxf2 Qxf2+ 37.Kxf2 fxe6 38.Rxe6 Rd8 39.Re5
Kf7 40.Kf3 Rb8 41.h4 Kf6 42.Re6+ Kf7 43.Ra6 Rb7 44.g4 Ke7 45.a3
Kf7 46.Kf4 Re7 47.d6 Rb7 48.Rc6 Ke6 49.Rc7 Rb3 50.Rxa7 Kxd6 51.Rxh7
Rxa3 52.Rh6 Ke6 53.Rxg6+ Kf7 54.h5 Ra5 55.Rc6 Kg7 56.h6+ Kh7
57.g5 Rb5 58.Kg4 Rb7 59.Kh5 Rb8 60.g6+ Kh8 61.Kg5 Kg8 62.Rd6
Re8 63.Kf6 Rf8+ 64.Ke7 Kh8 65.g7+ Kh7 66.gxf8N+ {1-0, Wondimu Dawit (ETH) 2200 - Treu Auke (SUR) 2163, Istanbul (Turkey) 2000}
) 12.cxd4 Be6 13.Qa4 Bd7 14.Qb3 Be6 15.Qa4 Bd7 16.Qb3 Be6 1/2-1/2

[Event "U. S. Open"]
[Site "Middleton, WI"]
[Date "2013.08.01"]
[Round "6"]
[White "Roland Jeffrey  (ID)"]
[Black "Tu Tony  (WI)"]
[Result "1-0"]
[WhiteElo "1731"]
[BlackElo "1143"]
[Annotator ""]
[Source ""]
[Remark ""]

1.d4 d5 2.c4 e6 3.Nc3 Bb4 4.e3 Bxc3+ 5.bxc3 Nf6 6.Ba3 Nbd7 7.Nf3
b6 8.Qa4 Ne4 9.Rc1 c5 10.cxd5 exd5 11.Qc6 Rb8 12.Qxd5 Bb7 13.Qb3
O-O 14.Be2 Ng5 15.Qd1 Re8 16.O-O Re4 17.Nxg5 Qxg5 18.Bf3 Re6
19.Bxb7 Rxb7 20.Qf3 Rc7 21.dxc5 bxc5 22.Qa8+ Nf8 23.Rfd1 Qe7
24.Rd3 a6 25.Rcd1 Ra7 26.Qd8 Qxd8 27.Rxd8 Rc7 28.Rb8 h6 29.Rdd8
Kh7 30.Rxf8 Rd7 31.h4 Red6 32.h5 Rd1+ 33.Kh2 R1d2 34.Rh8# 1-0

[Event "U. S. Open"]
[Site "Middleton, WI"]
[Date "2013.08.02"]
[Round "7"]
[White "Koppinger Matthew  (ND)"]
[Black "Roland Jeffrey  (ID)"]
[Result "0-1"]
[WhiteElo "1290"]
[BlackElo "1731"]
[Annotator ""]
[Source ""]
[Remark ""]

1.e4 e6 2.d4 d5 3.Nc3 dxe4 4.Nxe4 Nd7 5.Nf3 Ngf6 6.Bd3 Nxe4 7.Bxe4
Nf6 8.Bd3 c5 9.c3 cxd4 10.Qa4+ Bd7 11.Qxd4 Be7 12.O-O O-O 13.Bf4
b6 14.Bd6 Bc6 15.Bxe7 Qxe7 16.Qf4 Rad8 17.Rad1 g6 18.Ne5 Ba8
19.Rfe1 Kg7 20.Qh4 Qb7 21.Nf3 Rd5 22.Be4 Nxe4 23.Qxe4 Rxd1 24.Qe5+
f6 0-1

[Event "U. S. Open"]
[Site "Middleton, WI"]
[Date "2013.08.03"]
[Round "8"]
[White "Roland Jeffrey  (ID)"]
[Black "Schulz Waldemar  (CAN)"]
[Result "1-0"]
[WhiteElo "1731"]
[BlackElo "1930"]
[Annotator ""]
[Source ""]
[Remark ""]

1.d4 Nf6 2.c4 g6 3.Nc3 d5 4.cxd5 Nxd5 5.e4 Nxc3 6.bxc3 Bg7 7.Bc4
O-O 8.Ne2 c5 9.O-O Nc6 10.Be3 Qc7 11.Bd3 Rd8 12.Rc1 Na5 13.Qd2
c4 14.Bc2 e5 15.d5 b6 16.f3 Nb7 17.Ng3 Nd6 18.f4 Qe7 19.f5 f6
20.fxg6 hxg6 21.Rf2 b5 22.Rcf1 a5 23.h4 Bg4 24.Bd1 Bxd1 25.Rxd1
Qd7 26.Qe2 Rf8 27.Bc5 Bh6 28.Qf3 Bf4 29.Ne2 Bh6 30.g4 Bg7 31.Bxd6
Qxd6 32.h5 Kf7 33.hxg6+ Ke8 34.Rh2 Rh8 35.Rh5 b4 36.Qf5 b3 37.Kg2
Ke7 38.Rdh1 Rxh5 39.gxh5 Bh6 40.Ng3 b2 41.Qf2 Qb8 42.Qc5+ Kd8
43.Rb1 Bc1 44.g7 1-0